000
00334 a2200157 4500
001
47178
020
_a
9788598553269
040
_c
Anchieta - Aquarius
100
_a
Cedraz, Antônio
240
1
0
_a
=Xaxado ano 4
_l
por
245
1
0
_a
=Xaxado ano 4
300
_a
98
362
0
_a
2011
650
4
_a
Literatura brasileira
942
_c
BK
999
_c
47178
_d
47178